000 01206nac a22002651u 4500
090 _c5988
008 090127t xxu||||| |||| 00| 0 eng d
010 _a 93014763
020 _a0521343151 (hardback)
082 0 0 _a330.9561015
_bINA
100 _aInalcik, Halil[ed.]
245 0 3 _aAn economic and social history of the Ottoman Empire, 1300-1914 /
_cedited by Halil Inalcik with Donald Quataert.
260 _aCambridge ;
_aNew York :
_bCambridge University Press,c.1994.
_cc.1994.
300 _axxxi, 1026 p. :
_bill., maps ;
_c24 cm.
500 _aDustributer: Al-Ahram.
504 _aIncludes bibliographical references (p. 981-985) and index.
511 _aCatalogued By: Mahitab.
651 0 _aTurkey
_xEconomic conditions
_y1288-1918.
651 0 _aTurkey
_xSocial conditions
_y1288-1918.
700 1 _aQuataert, Donald,
_c1941-
856 4 2 _3Publisher description
_uhttp://www.loc.gov/catdir/description/cam025/93014763.html
856 4 2 _3Table of contents
_uhttp://www.loc.gov/catdir/toc/cam021/93014763.html
942 _cBB
_k330.9561015INA
_2ddc
999 _c5988
_d5988